Les films du Studio Ghibli par personnages secondaires - Statistiques

Statistiques générales
  • Ce quiz a été pris 277 fois
  • Le résultat moyen est 13 sur 20
Statistiques - réponses
Par images Réponse % Correct
Le Voyage de Chihiro
98%
Mon voisin Totoro
91%
Le Château ambulant
87%
Le Royaume des chats
85%
Le Tombeau des lucioles
81%
Le Château dans le ciel
76%
Ponyo sur la falaise
74%
Porco Rosso
74%
Princesse Mononoké
73%
Pompoko
70%
Arrietty, le petit monde des chapardeurs
67%
Kiki la petite sorcière
65%
La Colline aux coquelicots
61%
Les Contes de Terremer
52%
La Tortue rouge
41%
Le Garçon et le Héron
39%
Le vent se lève
39%
Aya et la Sorcière
36%
Souvenirs de Marnie
32%
Je peux entendre l'océan
29%
Aucun quiz correspondant
Distribution des résultats
% des personnes avec chaque résultat
Percentile par nombre de réponses
Votre historique - résultats
Vous n’avez pas pris ce quiz